00653cam a22002291 4500001001300000003000400013005001700017008004100034010001700075025002300092035002000115040002300135042001200158050001900170100001300189245008800202246003400290260005300324300001800377500001100395999001700406sa 66001062 DLC20260227112219.0960920s196u pk 000 0 pusr  asa 66001062  aPL480:P-Pushto-158 a(OCoLC)35598944 aDLCcCLUdCLUdDLC apremarc00aPK6820.J29bD40 aJamāl.10aḌer gham,bQiṣṣah da Muʼmin Khān Shīrīnạy.cWritten by Jamāl poet.3 aMuʼmin Khān Shīrīnạy aPishāwar,blslāmī Kutubʼkhānahc[196-?] a96 p.c18 cm. aPoems. c67570d67570